<?xml version="1.0" encoding="UTF-8"?>
<record
    xmlns:xsi="http://www.w3.org/2001/XMLSchema-instance"
    xsi:schemaLocation="http://www.loc.gov/MARC21/slim http://www.loc.gov/standards/marcxml/schema/MARC21slim.xsd"
    xmlns="http://www.loc.gov/MARC21/slim">

  <leader>00852na  a2200265   4500</leader>
  <controlfield tag="001">16438</controlfield>
  <controlfield tag="003">MIRAKIL</controlfield>
  <controlfield tag="005">20181213154730.0</controlfield>
  <controlfield tag="008">161006b        tu            000 0      </controlfield>
  <datafield tag="020" ind1=" " ind2=" ">
    <subfield code="a">9153203992</subfield>
  </datafield>
  <datafield tag="035" ind1=" " ind2=" ">
    <subfield code="a">16438</subfield>
  </datafield>
  <datafield tag="040" ind1=" " ind2=" ">
    <subfield code="a">Milas</subfield>
    <subfield code="b">tur</subfield>
    <subfield code="c">TR-AnCHP</subfield>
  </datafield>
  <datafield tag="041" ind1=" " ind2=" ">
    <subfield code="a">tur</subfield>
  </datafield>
  <datafield tag="082" ind1=" " ind2=" ">
    <subfield code="a">324.2485072</subfield>
    <subfield code="b">&#x130;78 1997</subfield>
  </datafield>
  <datafield tag="090" ind1=" " ind2=" ">
    <subfield code="a">324.2485072 &#x130;78 1997</subfield>
  </datafield>
  <datafield tag="245" ind1=" " ind2=" ">
    <subfield code="a">&#x130;sve&#xE7; Sosyal Demokrat Parti program&#x131;</subfield>
  </datafield>
  <datafield tag="260" ind1=" " ind2=" ">
    <subfield code="a">Stockholm</subfield>
    <subfield code="b">&#x130;sve&#xE7; K&#xFC;lt&#xFC;r ve Dostluk Derne&#x11F;i Yay&#x131;nlar&#x131;</subfield>
    <subfield code="c">1997</subfield>
  </datafield>
  <datafield tag="300" ind1=" " ind2=" ">
    <subfield code="a">77 s.</subfield>
    <subfield code="c">21 sm.</subfield>
  </datafield>
  <datafield tag="490" ind1=" " ind2=" ">
    <subfield code="a">&#x130;sve&#xE7; K&#xFC;lt&#xFC;r ve Dostluk Derne&#x11F;i yay&#x131;nlar&#x131;</subfield>
    <subfield code="v">1</subfield>
  </datafield>
  <datafield tag="650" ind1=" " ind2=" ">
    <subfield code="a">Sosyal demokrasi</subfield>
  </datafield>
  <datafield tag="650" ind1=" " ind2=" ">
    <subfield code="a">&#x130;sve&#xE7; Sosyal Demokrat Partisi (SAP)</subfield>
    <subfield code="x">Parti programlar&#x131;</subfield>
  </datafield>
  <datafield tag="651" ind1=" " ind2=" ">
    <subfield code="a">&#x130;sve&#xE7;</subfield>
    <subfield code="x">Siyasal partiler</subfield>
    <subfield code="y">Parti programlar&#x131;</subfield>
  </datafield>
  <datafield tag="651" ind1=" " ind2=" ">
    <subfield code="a">&#x130;sve&#xE7;</subfield>
    <subfield code="x">Sosyal demokrat partiler</subfield>
    <subfield code="y">Parti programlar&#x131;</subfield>
  </datafield>
  <datafield tag="942" ind1=" " ind2=" ">
    <subfield code="2">ddc</subfield>
    <subfield code="c">BKS</subfield>
  </datafield>
  <datafield tag="952" ind1=" " ind2=" ">
    <subfield code="a">0001</subfield>
    <subfield code="b">0001</subfield>
    <subfield code="d">2016-10-06</subfield>
    <subfield code="e">2</subfield>
    <subfield code="l">0</subfield>
    <subfield code="o">324.2485072 &#x130;78 1997</subfield>
    <subfield code="p">005241</subfield>
    <subfield code="r">2016-10-06 00:00:00</subfield>
    <subfield code="v">0.00</subfield>
    <subfield code="w">2016-10-06</subfield>
    <subfield code="y">BKS</subfield>
  </datafield>
  <datafield tag="952" ind1=" " ind2=" ">
    <subfield code="a">0001</subfield>
    <subfield code="b">0001</subfield>
    <subfield code="d">2016-10-06</subfield>
    <subfield code="e">2</subfield>
    <subfield code="l">0</subfield>
    <subfield code="o">324.2485072 &#x130;78 1997</subfield>
    <subfield code="p">005242</subfield>
    <subfield code="r">2016-10-06 00:00:00</subfield>
    <subfield code="t">k.2</subfield>
    <subfield code="v">0.00</subfield>
    <subfield code="w">2016-10-06</subfield>
    <subfield code="y">BKS</subfield>
  </datafield>
  <datafield tag="952" ind1=" " ind2=" ">
    <subfield code="a">0001</subfield>
    <subfield code="b">0001</subfield>
    <subfield code="d">2016-10-06</subfield>
    <subfield code="e">2</subfield>
    <subfield code="l">0</subfield>
    <subfield code="o">324.2485072 &#x130;78 1997</subfield>
    <subfield code="p">005243</subfield>
    <subfield code="r">2016-10-06 00:00:00</subfield>
    <subfield code="t">k.3</subfield>
    <subfield code="v">0.00</subfield>
    <subfield code="w">2016-10-06</subfield>
    <subfield code="y">BKS</subfield>
  </datafield>
  <datafield tag="999" ind1=" " ind2=" ">
    <subfield code="c">25</subfield>
    <subfield code="d">25</subfield>
  </datafield>
</record>
